Cấp thoát nước Giáo trình dùng cho sinh viên đại học chuyên ngành kiến trúc và xây dựng
XD032 Cấp thoát nước
Na minha lista:
| Autor principal: | |
|---|---|
| Formato: | Livro |
| Idioma: | Undetermined |
| Publicado em: |
H.
Xây dựng
2005
|
| Assuntos: | |
| Acesso em linha: | http://lrc.tdmu.edu.vn/opac/search/detail.asp?aID=2&ID=3541 |
| Tags: |
Adicionar Tag
Sem tags, seja o primeiro a adicionar uma tag!
|
| Thư viện lưu trữ: | Trung tâm Học liệu Trường Đại học Thủ Dầu Một |
|---|
| LEADER | 00726nam a2200217Ia 4500 | ||
|---|---|---|---|
| 001 | TDMU_3541 | ||
| 008 | 210410s9999 xx 000 0 und d | ||
| 082 | |a 628.1 | ||
| 090 | |b H6508 | ||
| 100 | |a Hoàng, Huệ | ||
| 245 | 0 | |a Cấp thoát nước | |
| 245 | 0 | |b Giáo trình dùng cho sinh viên đại học chuyên ngành kiến trúc và xây dựng | |
| 245 | 0 | |c Hoàng Huệ | |
| 260 | |a H. | ||
| 260 | |b Xây dựng | ||
| 260 | |c 2005 | ||
| 300 | |a 174tr. | ||
| 520 | |a XD032 Cấp thoát nước | ||
| 650 | |a Cấp thoát nước | ||
| 856 | |u http://lrc.tdmu.edu.vn/opac/search/detail.asp?aID=2&ID=3541 | ||
| 980 | |a Trung tâm Học liệu Trường Đại học Thủ Dầu Một | ||